Neighborhood variation in adolescent alcohol use : Examination of socioecological and social disorganization theories /
Wedi'i Gadw mewn:
| Prif Awdur: | |
|---|---|
| Awduron Eraill: | , |
| Fformat: | Erthygl |
| Iaith: | English |
| Pynciau: | |
| Tagiau: |
Ychwanegu Tag
Dim Tagiau, Byddwch y cyntaf i dagio'r cofnod hwn!
|
| Thư viện lưu trữ: | Thư viện Trường Đại học Đà Lạt |
|---|
| LEADER | 01007nam a2200313 4500 | ||
|---|---|---|---|
| 001 | DLU110130264 | ||
| 005 | ##20111223 | ||
| 040 | # | # | |a DLU |b eng |
| 041 | # | # | |a eng |
| 044 | # | # | |a us |
| 100 | # | # | |a Brenner, Allison B. |
| 245 | # | # | |a Neighborhood variation in adolescent alcohol use : Examination of socioecological and social disorganization theories / |c Allison B. Brenner, Jose A. Bauermeister, Marc A. Zimmerman. |
| 653 | # | # | |a Alcohol use |
| 653 | # | # | |a Neighborhoods |
| 653 | # | # | |a Risk factors |
| 653 | # | # | |a Socialization |
| 653 | # | # | |a Teenagers |
| 700 | # | # | |a Bauermeister, Jose A. |
| 700 | # | # | |a Zimmerman, Marc A. |
| 773 | # | # | |t Journal of studies on alcohol and drugs |g Vol. 72, no. 4 (July 2011), p. 651-659 |
| 920 | # | # | |a Phòng Tạp chí -- Trung tâm Thông tin - Thư viện Trường Đại học Đà Lạt |
| 994 | # | # | |a DLU |
| 900 | # | # | |a True |
| 911 | # | # | |a Trương Bảo Trâm Anh |
| 925 | # | # | |a G |
| 926 | # | # | |a A |
| 927 | # | # | |a BB |
| 980 | # | # | |a Thư viện Trường Đại học Đà Lạt |